Scientific Bulletin of Uzhhorod University [Scientific Journal]

Salvato in:
Dettagli Bibliografici
Natura: Periodico
Lingua:inglese
ucraino
Pubblicazione: Uzhgorod Economic Faculty of Uzhgorod National University
Tags: Aggiungi Tag
Nessun Tag, puoi essere il primo ad aggiungerne!!

MARC

LEADER 00000nas1a2200000 4500
001 0288842
005 20240417080451.9
022 |a 2415-735X 
022 |a 2409-6857 
041 0 |a eng 
041 0 |a ukr 
044 |a UA 
245 1 0 |a Scientific Bulletin of Uzhhorod University  |b [Scientific Journal] 
264 1 |a Uzhgorod  |b Economic Faculty of Uzhgorod National University